000 00977nam a2200217Ia 4500
003 Ost
005 20260507075301.0
008 260507s9999||||xx |||||||||||||| ||und||
020 _a50568299579
040 _cfsecg
041 _aara
082 _a330
100 _aعقلة، محمد يوسف
_eمؤلف
245 0 _aإدارة الأفراد /
_c محمد يوسف عقلة
260 _aعمان:
_bدار البداية,
_c2011
300 _a209 صفحة؛
_c25 سم
520 _aأهمية ادارة الافراد و دور ادارة الموارد البشرية في اعداد استراتيجية المؤسسة ، تعريف الادارة ، الاتصالات في الادارة داخل القطاع الخاص ، اتخاذ القرارات و تنظيم نشاط الموارد البشرية في المنظمة ، الاستثمار في التطوير .
653 _aإدارة الافراد
653 _aالادارة
942 _cكتاب
999 _c43790
_d43790